02046nam a22002297a 450000500170000000800410001702000180005804000070007604100080008308200180009110000230010924500410013225000120017326000280018530000330021336500640024652013010031065000260161194200120163799900190164995201480166820240213091755.0220328b ||||| |||| 00| 0 eng d a9789402416664 cAL aeng 223a660bHEAI aAlan Heaton926360 aIntroduction to Industrial Chemistry a3rd ed. aChapmanbSpringerc2019 axxii,413p.bHBc25.5x17.5cm. 2Generala6556b₹2796.00c₹d₹3495.00e20%f19/03/2022 a Third Edition Following the success of the first two editions of this book in which the core subject matter has been retained, we have taken the opportunity to add substantial new material, including an additional chapter on that most important activity of the chemical industry, research and development. Topical items such as quality, safety and environmental issues also receive enhanced coverage. The team of authors for this edition comprises both those revising and updating their chapters and some new ones. The latter's different approach to the subject matter is reflected in the new titles: Organisational Structures - A Story of Evolution (chapter 5) and Environmental Impact of the Chemical Industry (chapter 9). The chapter on Energy retains its original title but different approach of the new authors is evident. We have updated statistics and tables wherever possible and expanded the index. We hope readers find the brief 'pen pictures' of authors to be interesting. It is worth stressing again that this book is designed to be used with its companion volume - The Chemical Industry, 2nd Edition, ed. Alan Heaton (referred to as Volume 2) - for a complete introduction to the chemical industry. Thanks are due to all contributors and to my wife Joy for typing my contributions.  2Chemical engineering  2ddccBK c222063d222063 00102ddc40708GCaSACPGbSACPGd2022-03-21eBiblios Book Pointg2796.00l0o660 HEAIpPG023915r2022-08-24 00:00:00v3495.00w2022-03-28yBK